| 000 | 00764nam a22001817a 4500 | ||
|---|---|---|---|
| 999 |
_c64031 _d64031 |
||
| 003 | Ge_BSU | ||
| 005 | 20260312170512.0 | ||
| 008 | 260312s1977 ge ||||| |||| 00| 0 geo d | ||
| 041 | _ageo | ||
| 080 | _a331.108.6 ლ-61 | ||
| 100 |
_aლილუაშვილი, თ. _927123 |
||
| 245 |
_aშრომის დისციპლინა / _cთ. ლილუაშვილი; ეკონომიკისა და სამართლის ინ-ტი. |
||
| 264 |
_aთბ. : _bმეცნიერება, _c1977. |
||
| 300 |
_a51 გვ. ; _b22 სმ. |
||
| 490 | _aმეცნიერულ-პოპულარული სერია | ||
| 653 | _aშრომის დისციპლინა. | ||
| 942 |
_2udc _cᲬᲘᲒᲜᲘ |
||